000 01129cad a22002415a 4500
001 L150593
008 100901e20100326xxkd f s 000 0 eng d
035 _a(Sirsi) u150753
041 0 _aeng
050 0 4 _a333.33 $2 18
110 2 _aRoyal Institution of Chartered Surveyors
_bEconomics
_95033
245 0 0 _aRICS global real estate weekly
_b27 August 2010
_h[electronic resource]
260 _aLondon
_bRICS
_c2010
490 0 _aRICS Global Real Estate Weekly
_v27 August 2010
520 _aSouth Korean rate hikes to continue as commercial property investment eases back. Australian commercial property rental recovery kept in check. Brazilian central bank to signal end of tightening cycle. Swedish rates to rise, euro area rates on hold.
590 _aKA
650 2 4 _aRICS GLOBAL REAL ESTATE WEEKLY
651 4 _aInternational
690 _aPROPERTY-PROPERTY FINANCE AND INVESTMENT
690 _aPROPERTY-COMMERCIAL PROPERTY-COMMERCIAL PROPERTY MARKET
856 4 0 _uhttps://www.rics.org/site/download_feed.aspx?fileID=7326&fileExtension=PDF
_zView the report free of charge (PDF file) at www.rics.org
942 _n0
999 _c110973
_d110973